[Event "DVM U12 2018"]
[Site "Magdeburg GER"]
[Date "2018.12.29"]
[Round "5"]
[White "Werner, Rosalie"]
[Black "Ermitsch, Magnus"]
[Result "0-1"]
[Termination "normal"]
[Board "3.2"]
[WhiteElo "1572"]
[BlackElo "1627"]
[WhiteClock "00:07:27"]
[BlackClock "01:00:11"]
[WhiteTeam "VSG 1880 Offenbach"]
[BlackTeam "SC Borussia Lichtenberg"]
[PlyCount "82"]
[WhiteFideId "16223748"]
[BlackFideId "16234464"]
[EventCountry "GER"]
[EventRounds "7"]
[EventType "team-swiss"]
[EventDate "2018.12.26"]

1. e4 {[%clk 1:30:57]} c5 {[%clk 1:30:08]} 2. Nf3 {[%clk 1:31:22]} a6 {[%clk
1:29:52]} 3. c4 {[%clk 1:31:46]} Nc6 {[%clk 1:28:54]} 4. d4 {[%clk 1:32:01]}
cxd4 {[%clk 1:28:54]} 5. Nxd4 {[%clk 1:32:23]} e5 {[%clk 1:27:33]} 6. Nb3
{[%clk 1:32:00]} Nf6 {[%clk 1:26:40]} 7. Nc3 {[%clk 1:25:37]} Bb4 {[%clk
1:25:27]} 8. f3 {[%clk 1:19:40]} d6 {[%clk 1:22:06]} 9. Be3 {[%clk 1:14:25]}
Be6 {[%clk 1:19:25]} 10. Bd3 {[%clk 1:10:00]} Bxc3+ {[%clk 1:18:11]} 11. bxc3
{[%clk 1:10:21]} O-O {[%clk 1:16:51]} 12. O-O {[%clk 1:09:07]} Rc8 {[%clk
1:14:23]} 13. Qe2 {[%clk 0:56:01]} Na5 {[%clk 1:12:38]} 14. Nxa5 {[%clk
0:51:31]} Qxa5 {[%clk 1:13:01]} 15. Rac1 {[%clk 0:51:33]} Rc6 {[%clk 1:11:09]}
16. Rfd1 {[%clk 0:35:56]} Rfc8 {[%clk 1:09:54]} 17. Qd2 {[%clk 0:35:00]} Nd7
{[%clk 1:09:18]} 18. Bf1 {[%clk 0:25:38]} Nb6 {[%clk 1:07:26]} 19. c5 {[%clk
0:21:54]} Na4 {[%clk 1:03:01]} 20. cxd6 {[%clk 0:18:15]} Nxc3 {[%clk 1:01:33]}
21. d7 {[%clk 0:15:29]} Rd8 {[%clk 1:00:05]} 22. Rxc3 {[%clk 0:15:31]} Qxc3
{[%clk 1:00:02]} 23. Qf2 {[%clk 0:11:02]} Rxd7 {[%clk 1:00:07]} 24. Rc1 {[%clk
0:10:14]} Qa3 {[%clk 0:58:27]} 25. Rxc6 {[%clk 0:09:55]} bxc6 {[%clk 0:58:53]}
26. Bc5 Qxa2 {[%clk 0:58:31]} 27. Qxa2 {[%clk 0:09:04]} Bxa2 {[%clk 0:58:58]}
28. Bxa6 {[%clk 0:09:26]} Rd2 {[%clk 0:58:37]} 29. Bb4 {[%clk 0:07:45]} Rc2
{[%clk 0:58:39]} 30. Bd3 {[%clk 0:07:51]} c5 {[%clk 0:58:30]} 31. Bxc2 {[%clk
0:06:46]} cxb4 {[%clk 0:58:48]} 32. Kf2 {[%clk 0:06:43]} b3 {[%clk 0:59:08]}
33. Bd3 {[%clk 0:07:06]} b2 {[%clk 0:59:33]} 34. g3 {[%clk 0:07:18]} b1=Q
{[%clk 0:59:31]} 35. Bxb1 {[%clk 0:07:44]} Bxb1 {[%clk 0:59:53]} 36. Ke3 {[%clk
0:08:06]} f6 {[%clk 1:00:08]} 37. f4 {[%clk 0:08:23]} Kf7 {[%clk 1:00:25]} 38.
h3 {[%clk 0:08:25]} g5 {[%clk 1:00:01]} 39. fxg5 {[%clk 0:07:44]} fxg5 {[%clk
1:00:21]} 40. Kf3 {[%clk 0:07:09]} h5 {[%clk 0:59:56]} 41. h4 {[%clk 0:07:27]}
g4+ {[%clk 1:00:11]} 0-1

[Event "DVM U12 2018"]
[Site "Magdeburg GER"]
[Date "2018.12.29"]
[Round "5"]
[White "Zielke, Ansgar"]
[Black "Dixon, Laura Michaela"]
[Result "1-0"]
[Termination "normal"]
[Board "3.3"]
[WhiteElo "1642"]
[BlackElo "1481"]
[WhiteClock "00:39:15"]
[BlackClock "00:26:27"]
[WhiteTeam "SC Borussia Lichtenberg"]
[BlackTeam "VSG 1880 Offenbach"]
[PlyCount "153"]
[WhiteFideId "16244800"]
[BlackFideId "16248708"]
[EventCountry "GER"]
[EventRounds "7"]
[EventType "team-swiss"]
[EventDate "2018.12.26"]

1. b4 {[%clk 1:30:56]} e5 {[%clk 1:25:05]} 2. Bb2 {[%clk 1:31:11]} f6 {[%clk
1:24:34]} 3. a3 {[%clk 1:25:16]} d5 {[%clk 1:23:44]} 4. e3 {[%clk 1:22:54]} Bd6
{[%clk 1:22:20]} 5. c4 {[%clk 1:20:23]} c6 {[%clk 1:18:15]} 6. Nf3 {[%clk
1:16:28]} Be6 {[%clk 1:15:59]} 7. Qc2 {[%clk 1:12:46]} Nd7 {[%clk 1:08:51]} 8.
d3 {[%clk 1:07:16]} Ne7 {[%clk 1:05:10]} 9. Nc3 {[%clk 1:03:24]} Rc8 {[%clk
0:56:49]} 10. Be2 {[%clk 1:01:49]} O-O {[%clk 0:55:30]} 11. O-O {[%clk
1:00:30]} Qe8 {[%clk 0:53:00]} 12. c5 {[%clk 0:59:29]} Bc7 {[%clk 0:53:01]} 13.
e4 {[%clk 0:58:53]} d4 {[%clk 0:48:46]} 14. Nb1 {[%clk 0:55:39]} Qf7 {[%clk
0:47:08]} 15. Nbd2 {[%clk 0:53:44]} Rfd8 {[%clk 0:44:24]} 16. Rfc1 {[%clk
0:49:57]} b6 {[%clk 0:40:44]} 17. Bd1 {[%clk 0:43:46]} Bb8 {[%clk 0:36:34]} 18.
Nb3 {[%clk 0:40:24]} Kh8 {[%clk 0:28:54]} 19. a4 {[%clk 0:39:58]} g6 {[%clk
0:22:22]} 20. a5 {[%clk 0:37:05]} Bc7 {[%clk 0:21:25]} 21. a6 {[%clk 0:32:42]}
Rb8 {[%clk 0:19:18]} 22. Nfd2 {[%clk 0:28:10]} Kg7 {[%clk 0:17:56]} 23. Ba3
{[%clk 0:25:38]} f5 {[%clk 0:16:50]} 24. f3 {[%clk 0:24:32]} Rf8 {[%clk
0:15:35]} 25. Rab1 {[%clk 0:20:58]} Rbc8 {[%clk 0:14:12]} 26. Be2 {[%clk
0:12:58]} Nb8 {[%clk 0:14:08]} 27. cxb6 {[%clk 0:06:44]} axb6 {[%clk 0:12:31]}
28. a7 {[%clk 0:06:35]} Na6 {[%clk 0:11:54]} 29. b5 {[%clk 0:04:40]} cxb5
{[%clk 0:11:44]} 30. Bxe7 {[%clk 0:04:04]} Qxe7 {[%clk 0:11:52]} 31. Qa2 {[%clk
0:02:59]} Nb4 {[%clk 0:10:21]} 32. Qa3 {[%clk 0:03:09]} Ra8 {[%clk 0:09:24]}
33. Nxd4 {[%clk 0:01:54]} exd4 {[%clk 0:08:40]} 34. Qxb4 {[%clk 0:02:15]} Qxb4
{[%clk 0:08:13]} 35. Rxc7+ {[%clk 0:02:14]} Kf6 {[%clk 0:07:47]} 36. Rxb4
{[%clk 0:02:35]} Rf7 {[%clk 0:07:00]} 37. Rxf7+ {[%clk 0:02:50]} Bxf7 {[%clk
0:07:11]} 38. exf5 {[%clk 0:02:43]} gxf5 {[%clk 0:06:37]} 39. Rxb5 {[%clk
0:02:55]} Rxa7 {[%clk 0:06:43]} 40. Rxb6+ {[%clk 0:03:16]} Ke5 {[%clk 0:06:48]}
41. Rb5+ {[%clk 0:02:37]} Kf6 {[%clk 0:05:34]} 42. Rb2 {[%clk 0:02:16]} Re7
{[%clk 0:04:55]} 43. Kf2 {[%clk 0:02:05]} h6 {[%clk 0:02:51]} 44. f4 {[%clk
0:02:11]} Bd5 {[%clk 0:02:16]} 45. Nf3 {[%clk 0:01:17]} Bxf3 {[%clk 0:02:01]}
46. Kxf3 {[%clk 0:01:08]} Re3+ {[%clk 0:02:11]} 47. Kf2 {[%clk 0:01:32]} Re8
{[%clk 0:29:07]} 48. Rb6+ {[%clk 0:31:46]} Kg7 {[%clk 0:28:03]} 49. Rd6 {[%clk
0:32:07]} Rc8 {[%clk 0:27:02]} 50. Rxd4 {[%clk 0:32:28]} Rc2 {[%clk 0:27:03]}
51. Rc4 {[%clk 0:32:38]} Ra2 {[%clk 0:26:44]} 52. Rc1 {[%clk 0:32:59]} h5
{[%clk 0:26:12]} 53. Rd1 {[%clk 0:33:21]} h4 {[%clk 0:26:16]} 54. d4 {[%clk
0:33:46]} Kf6 {[%clk 0:26:27]} 55. d5 {[%clk 0:34:10]} Ke7 {[%clk 0:26:33]} 56.
d6+ {[%clk 0:34:33]} Kd7 {[%clk 0:26:55]} 57. Rd3 {[%clk 0:34:44]} Ra6 {[%clk
0:26:40]} 58. g3 {[%clk 0:34:55]} hxg3+ {[%clk 0:26:27]} 59. Kxg3 {[%clk
0:35:17]} Ra8 {[%clk 0:26:38]} 60. h4 {[%clk 0:35:07]} Rg8+ {[%clk 0:26:50]}
61. Kf2 {[%clk 0:34:57]} Rg6 {[%clk 0:26:34]} 62. h5 {[%clk 0:35:11]} Rh6
{[%clk 0:26:51]} 63. Kg3 {[%clk 0:35:23]} Rh8 {[%clk 0:26:20]} 64. Kh4 {[%clk
0:35:40]} Rg8 {[%clk 0:26:27]} 65. Bd1 {[%clk 0:35:37]} Rg1 {[%clk 0:26:20]}
66. Ba4+ {[%clk 0:35:47]} Ke6 {[%clk 0:26:44]} 67. d7 {[%clk 0:36:08]} Rh1+
{[%clk 0:26:39]} 68. Kg5 {[%clk 0:36:08]} Rg1+ {[%clk 0:26:59]} 69. Kh6 {[%clk
0:36:26]} Rg8 {[%clk 0:26:40]} 70. Bb3+ {[%clk 0:36:46]} Ke7 {[%clk 0:25:51]}
71. Bxg8 {[%clk 0:37:10]} Kd8 {[%clk 0:25:52]} 72. Kg7 {[%clk 0:37:26]} Kc7
{[%clk 0:26:03]} 73. d8=Q+ {[%clk 0:37:47]} Kc6 {[%clk 0:26:21]} 74. Rc3+
{[%clk 0:38:11]} Kb5 {[%clk 0:26:13]} 75. Qb8+ {[%clk 0:38:29]} Ka4 {[%clk
0:26:35]} 76. Rc7 {[%clk 0:38:52]} Ka5 {[%clk 0:26:27]} 77. Ra7# {[%clk
0:39:15]} 1-0

[Event "DVM U12 2018"]
[Site "Magdeburg GER"]
[Date "2018.12.29"]
[Round "5"]
[White "Bergmann, Lennart"]
[Black "Zobel, Christian"]
[Result "0-1"]
[Termination "normal"]
[Board "3.4"]
[WhiteElo "1515"]
[BlackElo "1364"]
[WhiteClock "00:59:02"]
[BlackClock "01:01:01"]
[WhiteTeam "VSG 1880 Offenbach"]
[BlackTeam "SC Borussia Lichtenberg"]
[PlyCount "44"]
[WhiteFideId "16270657"]
[BlackFideId "16259068"]
[EventCountry "GER"]
[EventRounds "7"]
[EventType "team-swiss"]
[EventDate "2018.12.26"]

1. e4 {[%clk 1:30:59]} e6 {[%clk 1:30:54]} 2. d4 {[%clk 1:31:25]} b6 {[%clk
1:31:19]} 3. Bd3 {[%clk 1:31:34]} Bb7 {[%clk 1:31:28]} 4. Nc3 {[%clk 1:31:48]}
Nf6 {[%clk 1:31:29]} 5. Nf3 {[%clk 1:31:08]} Bb4 {[%clk 1:31:48]} 6. Bg5 {[%clk
1:31:31]} h6 {[%clk 1:31:45]} 7. Bxf6 {[%clk 1:28:14]} Qxf6 {[%clk 1:31:41]} 8.
O-O {[%clk 1:24:20]} Nc6 {[%clk 1:29:02]} 9. Ne2 {[%clk 1:23:46]} g5 {[%clk
1:24:13]} 10. c3 {[%clk 1:17:27]} Be7 {[%clk 1:24:29]} 11. Qd2 {[%clk 1:16:16]}
g4 {[%clk 1:20:35]} 12. Ne1 {[%clk 1:16:13]} h5 {[%clk 1:17:20]} 13. Qf4 {[%clk
1:15:02]} Qxf4 {[%clk 1:15:15]} 14. Nxf4 {[%clk 1:15:25]} h4 {[%clk 1:15:33]}
15. h3 {[%clk 1:10:03]} Bg5 {[%clk 1:14:48]} 16. Ne2 {[%clk 1:09:54]} gxh3
{[%clk 1:11:23]} 17. gxh3 {[%clk 1:10:02]} Rg8 {[%clk 1:11:16]} 18. Kh2 {[%clk
1:09:53]} O-O-O {[%clk 1:09:27]} 19. Rg1 {[%clk 1:07:20]} f5 {[%clk 1:02:32]}
20. e5 {[%clk 1:04:45]} Ne7 {[%clk 1:01:07]} 21. Nc2 {[%clk 1:00:08]} Nd5
{[%clk 1:00:40]} 22. Kg2 {[%clk 0:59:02]} Nf4+ {[%clk 1:01:01]} 0-1

[Event "DVM U12 2018"]
[Site "Magdeburg GER"]
[Date "2018.12.29"]
[Round "5"]
[White "Kraftsik, Christian"]
[Black "Hommer, Jeremy"]
[Result "0-1"]
[Termination "normal"]
[Board "4.1"]
[WhiteElo "1771"]
[BlackElo "1965"]
[WhiteClock "00:12:14"]
[BlackClock "00:39:42"]
[WhiteTeam "SC Vaterstetten"]
[BlackTeam "SC Turm Lüneburg"]
[PlyCount "62"]
[WhiteFideId "16242548"]
[BlackFideId "12992577"]
[EventCountry "GER"]
[EventRounds "7"]
[EventType "team-swiss"]
[EventDate "2018.12.26"]

1. d4 {[%clk 1:30:58]} e6 {[%clk 1:30:54]} 2. c4 {[%clk 1:31:23]} Nf6 {[%clk
1:31:17]} 3. Nc3 {[%clk 1:31:47]} Bb4 {[%clk 1:31:39]} 4. Qc2 {[%clk 1:32:09]}
b6 {[%clk 1:30:56]} 5. a3 {[%clk 1:31:53]} Bxc3+ {[%clk 1:31:19]} 6. Qxc3
{[%clk 1:32:14]} Bb7 {[%clk 1:31:15]} 7. Bg5 {[%clk 1:31:20]} h6 {[%clk
1:26:19]} 8. Bh4 {[%clk 1:30:50]} g5 {[%clk 1:17:29]} 9. Bg3 {[%clk 1:30:42]}
Ne4 {[%clk 1:17:33]} 10. Qe3 {[%clk 1:27:43]} d6 {[%clk 1:08:08]} 11. d5 {[%clk
1:21:56]} Nxg3 {[%clk 0:56:42]} 12. hxg3 {[%clk 1:21:37]} Qf6 {[%clk 0:56:31]}
13. Rb1 {[%clk 1:17:35]} Nd7 {[%clk 0:56:14]} 14. Nf3 {[%clk 1:12:40]} O-O-O
{[%clk 0:55:26]} 15. dxe6 {[%clk 1:06:17]} fxe6 {[%clk 0:54:54]} 16. Nd4 {[%clk
1:04:42]} e5 {[%clk 0:52:22]} 17. Nb5 {[%clk 1:02:05]} Kb8 {[%clk 0:52:16]} 18.
Qd2 {[%clk 0:52:39]} h5 {[%clk 0:50:47]} 19. b4 {[%clk 0:46:16]} h4 {[%clk
0:50:16]} 20. g4 {[%clk 0:45:53]} Rhf8 {[%clk 0:48:53]} 21. e3 {[%clk 0:43:46]}
Qe6 {[%clk 0:47:06]} 22. f3 {[%clk 0:31:01]} a6 {[%clk 0:45:53]} 23. Nc3 {[%clk
0:16:49]} e4 {[%clk 0:44:52]} 24. fxe4 {[%clk 0:16:35]} Qxg4 {[%clk 0:44:30]}
25. a4 {[%clk 0:15:33]} Qg3+ {[%clk 0:42:57]} 26. Kd1 {[%clk 0:15:38]} Rf2
{[%clk 0:41:41]} 27. Qe1 {[%clk 0:14:20]} Rdf8 {[%clk 0:41:11]} 28. a5 {[%clk
0:13:31]} Bxe4 {[%clk 0:39:02]} 29. Nxe4 {[%clk 0:13:09]} Qg4+ {[%clk 0:39:26]}
30. Kc1 {[%clk 0:12:29]} Qxe4 {[%clk 0:39:42]} 31. b5 {[%clk 0:12:14]} Qc2# 0-1

[Event "DVM U12 2018"]
[Site "Magdeburg GER"]
[Date "2018.12.29"]
[Round "5"]
[White "Bildat, Emilia"]
[Black "Lerchl, Clemens"]
[Result "0-1"]
[Termination "normal"]
[Board "4.2"]
[WhiteElo "1634"]
[BlackElo "1625"]
[WhiteClock "00:25:42"]
[BlackClock "01:05:46"]
[WhiteTeam "SC Turm Lüneburg"]
[BlackTeam "SC Vaterstetten"]
[PlyCount "116"]
[WhiteFideId "16218140"]
[BlackFideId "16226372"]
[EventCountry "GER"]
[EventRounds "7"]
[EventType "team-swiss"]
[EventDate "2018.12.26"]

1. c4 {[%clk 1:30:58]} b6 {[%clk 1:30:57]} 2. Nc3 {[%clk 1:30:55]} Bb7 {[%clk
1:31:24]} 3. e3 {[%clk 1:30:28]} e6 {[%clk 1:30:36]} 4. Nf3 {[%clk 1:30:26]}
Be7 {[%clk 1:30:28]} 5. d4 {[%clk 1:29:51]} f5 {[%clk 1:30:48]} 6. b3 {[%clk
1:28:27]} Nf6 {[%clk 1:30:36]} 7. Bb2 {[%clk 1:27:41]} O-O {[%clk 1:30:36]} 8.
Be2 {[%clk 1:27:23]} Qe8 {[%clk 1:27:22]} 9. O-O {[%clk 1:23:19]} Qg6 {[%clk
1:26:30]} 10. d5 {[%clk 1:22:37]} exd5 {[%clk 1:24:35]} 11. cxd5 {[%clk
1:20:23]} Bd6 {[%clk 1:23:24]} 12. Bc4 {[%clk 1:17:07]} a6 {[%clk 1:22:03]} 13.
b4 {[%clk 1:13:01]} Kh8 {[%clk 1:20:04]} 14. a3 {[%clk 1:12:22]} Qh6 {[%clk
1:18:58]} 15. Qd4 {[%clk 1:07:25]} Ne4 {[%clk 1:18:18]} 16. Nxe4 {[%clk
0:54:04]} fxe4 {[%clk 1:17:35]} 17. Nh4 {[%clk 0:54:23]} Bxh2+ {[%clk 1:01:18]}
18. Kh1 {[%clk 0:52:05]} Bf4 19. g3 {[%clk 0:49:18]} Bg5 {[%clk 0:57:50]} 20.
Qxe4 {[%clk 0:48:15]} c6 {[%clk 0:53:36]} 21. Kg1 {[%clk 0:43:55]} cxd5 {[%clk
0:48:42]} 22. Bxd5 {[%clk 0:43:35]} Nc6 {[%clk 0:47:13]} 23. a4 {[%clk
0:30:19]} Rae8 {[%clk 0:46:22]} 24. Qxe8 {[%clk 0:23:56]} Rxe8 {[%clk 0:44:13]}
25. Nf5 {[%clk 0:24:14]} Qg6 {[%clk 0:44:18]} 26. Bxg7+ {[%clk 0:24:28]} Qxg7
{[%clk 0:44:46]} 27. Nxg7 {[%clk 0:24:48]} Kxg7 {[%clk 0:45:10]} 28. b5 {[%clk
0:24:33]} axb5 {[%clk 0:44:54]} 29. axb5 {[%clk 0:24:56]} Na5 {[%clk 0:45:02]}
30. Bxb7 {[%clk 0:23:09]} Nxb7 {[%clk 0:45:26]} 31. Ra6 {[%clk 0:21:54]} Re6
{[%clk 0:45:04]} 32. Rd1 {[%clk 0:17:40]} Nc5 {[%clk 0:44:53]} 33. Ra3 {[%clk
0:17:29]} Bf6 {[%clk 0:41:32]} 34. Ra2 {[%clk 0:15:29]} Re4 {[%clk 0:41:22]}
35. Rd6 {[%clk 0:15:08]} Be5 {[%clk 0:39:43]} 36. Rd5 {[%clk 0:13:28]} Kf7
{[%clk 0:39:18]} 37. f4 {[%clk 0:08:10]} Bf6 {[%clk 0:37:28]} 38. Rd6 {[%clk
0:06:54]} Rxe3 {[%clk 0:36:13]} 39. Rxb6 {[%clk 0:06:34]} Rxg3+ {[%clk
0:36:27]} 40. Kh2 {[%clk 0:05:33]} Rf3 {[%clk 0:35:39]} 41. Rc2 {[%clk
0:04:56]} Rxf4 {[%clk 0:33:12]} 42. Rxf6+ {[%clk 0:04:15]} Kxf6 {[%clk
0:33:36]} 43. Rxc5 {[%clk 0:04:40]} Rb4 {[%clk 0:34:01]} 44. Rh5 {[%clk
0:04:36]} Ke6 {[%clk 0:34:04]} 45. Rxh7 {[%clk 0:30:27]} Rxb5 {[%clk 1:04:01]}
46. Rh8 {[%clk 0:30:05]} Rg5 {[%clk 1:03:53]} 47. Rh3 {[%clk 0:29:46]} d5
{[%clk 1:03:10]} 48. Rd3 {[%clk 0:26:37]} Ke5 {[%clk 1:02:58]} 49. Ra3 {[%clk
0:26:03]} Ke4 {[%clk 1:02:21]} 50. Ra5 {[%clk 0:25:46]} Rg8 {[%clk 1:02:43]}
51. Ra4+ {[%clk 0:25:58]} d4 {[%clk 1:03:04]} 52. Ra7 {[%clk 0:26:04]} Ke3
{[%clk 1:03:24]} 53. Re7+ {[%clk 0:26:10]} Kd2 {[%clk 1:03:49]} 54. Rd7 {[%clk
0:25:42]} d3 {[%clk 1:04:13]} 55. Ra7 {[%clk 0:25:34]} Ke2 {[%clk 1:04:30]} 56.
Re7+ {[%clk 0:25:27]} Kd1 {[%clk 1:04:56]} 57. Ra7 {[%clk 0:25:26]} d2 {[%clk
1:05:20]} 58. Ra1+ {[%clk 0:25:42]} Ke2 {[%clk 1:05:46]} 0-1

[Event "DVM U12 2018"]
[Site "Magdeburg GER"]
[Date "2018.12.29"]
[Round "5"]
[White "Karpen, Jakob"]
[Black "Helms, Finn"]
[Result "0-1"]
[Termination "normal"]
[Board "4.3"]
[WhiteElo "1336"]
[BlackElo "1618"]
[WhiteClock "01:18:24"]
[BlackClock "01:15:17"]
[WhiteTeam "SC Vaterstetten"]
[BlackTeam "SC Turm Lüneburg"]
[PlyCount "96"]
[WhiteFideId "16255453"]
[BlackFideId "16249143"]
[EventCountry "GER"]
[EventRounds "7"]
[EventType "team-swiss"]
[EventDate "2018.12.26"]

1. e4 {[%clk 1:30:58]} e6 {[%clk 1:30:57]} 2. d4 {[%clk 1:31:22]} d5 {[%clk
1:31:22]} 3. exd5 {[%clk 1:31:47]} exd5 {[%clk 1:31:46]} 4. Nf3 {[%clk
1:32:08]} Bd6 {[%clk 1:32:08]} 5. Nc3 {[%clk 1:32:04]} Nf6 {[%clk 1:32:21]} 6.
Bg5 {[%clk 1:32:21]} c6 {[%clk 1:32:43]} 7. Bd3 {[%clk 1:32:31]} O-O {[%clk
1:32:58]} 8. O-O {[%clk 1:32:39]} Bg4 {[%clk 1:33:04]} 9. Re1 {[%clk 1:32:07]}
Nbd7 {[%clk 1:33:20]} 10. h3 {[%clk 1:31:52]} Bh5 {[%clk 1:33:33]} 11. Qd2
{[%clk 1:31:12]} Qc7 {[%clk 1:27:12]} 12. Bxf6 {[%clk 1:28:57]} Nxf6 {[%clk
1:27:20]} 13. Ne5 {[%clk 1:28:52]} Rae8 {[%clk 1:20:03]} 14. Qg5 {[%clk
1:25:11]} Bg6 {[%clk 1:14:51]} 15. Nxg6 {[%clk 1:24:19]} hxg6 {[%clk 1:14:56]}
16. Ne2 {[%clk 1:20:42]} Rxe2 {[%clk 1:13:17]} 17. Qc1 {[%clk 1:16:38]} Rxe1+
{[%clk 1:13:26]} 18. Qxe1 {[%clk 1:16:13]} Re8 {[%clk 1:13:35]} 19. Qd2 {[%clk
1:15:39]} Bf4 {[%clk 1:12:28]} 20. Qb4 {[%clk 1:15:35]} Qe7 {[%clk 1:10:27]}
21. Qc3 {[%clk 1:15:22]} Ne4 {[%clk 1:08:18]} 22. Qe1 {[%clk 1:14:29]} Nd2
{[%clk 1:07:48]} 23. Qxe7 {[%clk 1:14:06]} Rxe7 {[%clk 1:08:13]} 24. g3 {[%clk
1:14:24]} Bd6 {[%clk 1:08:24]} 25. Kg2 {[%clk 1:14:28]} Ne4 {[%clk 1:08:36]}
26. Re1 {[%clk 1:14:24]} Ng5 {[%clk 1:07:24]} 27. Rxe7 {[%clk 1:14:20]} Bxe7
{[%clk 1:07:48]} 28. f4 {[%clk 1:14:32]} Ne6 {[%clk 1:08:04]} 29. c3 {[%clk
1:14:47]} f5 {[%clk 1:08:22]} 30. g4 {[%clk 1:14:50]} Nxf4+ {[%clk 1:08:47]}
31. Kf3 {[%clk 1:14:57]} Nxd3 {[%clk 1:09:14]} 32. gxf5 {[%clk 1:15:07]} gxf5
{[%clk 1:09:37]} 33. b4 {[%clk 1:14:41]} Nb2 {[%clk 1:09:44]} 34. Kf4 {[%clk
1:14:55]} g6 {[%clk 1:10:07]} 35. Kg3 {[%clk 1:15:02]} Nd1 {[%clk 1:10:29]} 36.
h4 {[%clk 1:15:24]} Nxc3 {[%clk 1:10:54]} 37. a3 {[%clk 1:15:49]} Nb1 {[%clk
1:11:20]} 38. a4 {[%clk 1:16:11]} Bxb4 {[%clk 1:11:42]} 39. h5 {[%clk 1:16:26]}
gxh5 {[%clk 1:12:06]} 40. Kf4 {[%clk 1:16:48]} h4 {[%clk 1:12:32]} 41. Kf3
{[%clk 1:16:44]} c5 {[%clk 1:12:51]} 42. dxc5 {[%clk 1:17:03]} Bxc5 {[%clk
1:13:13]} 43. a5 {[%clk 1:17:26]} d4 {[%clk 1:13:37]} 44. a6 {[%clk 1:17:48]}
bxa6 {[%clk 1:14:03]} 45. Ke2 {[%clk 1:17:30]} h3 {[%clk 1:14:26]} 46. Kf1
{[%clk 1:17:55]} d3 {[%clk 1:14:53]} 47. Ke1 {[%clk 1:18:20]} h2 {[%clk
1:15:17]} 48. Kf1 {[%clk 1:18:24]} h1=Q# 0-1

[Event "DVM U12 2018"]
[Site "Magdeburg GER"]
[Date "2018.12.29"]
[Round "5"]
[White "Rennkamp, David"]
[Black "Lerchl, Justus"]
[Result "0-1"]
[Termination "normal"]
[Board "4.4"]
[WhiteElo "1223"]
[BlackElo "1500"]
[WhiteClock "00:30:30"]
[BlackClock "00:33:31"]
[WhiteTeam "SC Turm Lüneburg"]
[BlackTeam "SC Vaterstetten"]
[PlyCount "75"]
[WhiteFideId "16249526"]
[BlackFideId "16240677"]
[EventCountry "GER"]
[EventRounds "7"]
[EventType "team-swiss"]
[EventDate "2018.12.26"]

1. e4 {[%clk 1:30:59]} c5 {[%clk 1:30:54]} 2. Nc3 {[%clk 1:31:20]} d6 {[%clk
1:31:01]} 3. f4 {[%clk 1:31:14]} Nc6 {[%clk 1:31:02]} 4. Nf3 {[%clk 1:31:15]}
g6 {[%clk 1:28:26]} 5. g3 {[%clk 1:31:07]} Bg7 {[%clk 1:27:28]} 6. Bg2 {[%clk
1:31:13]} Bg4 {[%clk 1:26:50]} 7. h3 {[%clk 1:27:55]} Bxf3 {[%clk 1:26:30]} 8.
Bxf3 {[%clk 1:28:07]} Nd4 {[%clk 1:24:30]} 9. Bg2 {[%clk 1:27:44]} e6 {[%clk
1:22:53]} 10. d3 {[%clk 1:24:52]} Ne7 {[%clk 1:21:32]} 11. O-O {[%clk 1:20:51]}
O-O {[%clk 1:19:20]} 12. Ne2 {[%clk 1:18:09]} b5 {[%clk 1:18:10]} 13. Nxd4
{[%clk 1:17:52]} Bxd4+ {[%clk 1:17:04]} 14. Kh2 {[%clk 1:18:06]} b4 {[%clk
1:16:42]} 15. Qe1 {[%clk 1:09:56]} Bg7 {[%clk 1:13:57]} 16. c3 {[%clk 1:08:41]}
Nc6 {[%clk 1:13:43]} 17. e5 {[%clk 1:02:17]} Rc8 {[%clk 1:10:37]} 18. exd6
{[%clk 0:41:13]} Qxd6 {[%clk 1:08:21]} 19. Bxc6 {[%clk 0:30:02]} Rxc6 {[%clk
1:03:41]} 20. Rf3 {[%clk 0:27:41]} a5 {[%clk 1:02:42]} 21. Bd2 {[%clk 0:25:15]}
Re8 {[%clk 0:58:40]} 22. Rd1 {[%clk 0:20:49]} e5 {[%clk 0:57:32]} 23. Re3
{[%clk 0:19:36]} Rcc8 {[%clk 0:56:25]} 24. Bc1 {[%clk 0:16:27]} Kf8 {[%clk
0:55:24]} 25. fxe5 {[%clk 0:15:06]} Rxe5 {[%clk 0:54:24]} 26. Rxe5 {[%clk
0:15:26]} Bxe5 {[%clk 0:53:54]} 27. c4 {[%clk 0:14:10]} Re8 {[%clk 0:50:38]}
28. Qf2 {[%clk 0:12:14]} Bd4 {[%clk 0:48:53]} 29. Qf1 {[%clk 0:08:36]} Qe6
{[%clk 0:46:54]} 30. Kh1 {[%clk 0:05:30]} Qe2 {[%clk 0:42:07]} 31. Qxe2 {[%clk
0:01:19]} Rxe2 {[%clk 0:40:45]} 32. b3 {[%clk 0:01:01]} Rxa2 {[%clk 0:38:43]}
33. g4 {[%clk 0:01:19]} a4 {[%clk 0:35:12]} 34. bxa4 {[%clk 0:00:51]} Rxa4
{[%clk 0:34:38]} 35. Kg2 {[%clk 0:00:39]} b3 {[%clk 0:34:08]} 36. Bh6+ {[%clk
0:00:32]} Ke8 {[%clk 0:33:46]} 37. Kf1 {[%clk 0:00:42]} Ra1 {[%clk 0:33:31]}
38. Rxa1 {[%clk 0:30:30]} 0-1

[Event "DVM U12 2018"]
[Site "Magdeburg GER"]
[Date "2018.12.29"]
[Round "5"]
[White "Baltic, Sara"]
[Black "Gewondow, Narek"]
[Result "1-0"]
[Termination "normal"]
[Board "5.2"]
[WhiteElo "1529"]
[BlackElo "1358"]
[WhiteTeam "DJK Aufwärts St. Josef Aachen"]
[BlackTeam "SG 1882 Fürth"]
[PlyCount "71"]
[WhiteFideId "16210409"]
[BlackFideId "16275128"]
[EventCountry "GER"]
[EventRounds "7"]
[EventType "team-swiss"]
[EventDate "2018.12.26"]

1. e4 e5 2. Nf3 Nc6 3. Bc4 Bc5 4. c3 Nf6 5. d4 exd4 6. O-O d6 7. cxd4 Bb6 8. e5
dxe5 9. dxe5 Qxd1 10. Rxd1 Nd7 11. e6 fxe6 12. Bxe6 Nc5 13. Bxc8 Rxc8 14. Re1+
Kf8 15. Nc3 Nb4 16. Re2 Ncd3 17. a3 Nxc1 18. Rxc1 Nd3 19. Rd1 Nf4 20. Red2 Ke7
21. Rd7+ Kf6 22. Ne4+ Kg6 23. Nh4+ Kh5 24. g3 Rce8 25. Re1 Nh3+ 26. Kf1 c6 27.
Rxg7 Bd4 28. Rxb7 Ng5 29. Nxg5 Rxe1+ 30. Kxe1 Re8+ 31. Kf1 Kxg5 32. Nf3+ Kg4
33. Nxd4 Rd8 34. Rg7+ Kh5 35. g4+ Kh6 36. Nf5# 1-0

[Event "DVM U12 2018"]
[Site "Magdeburg GER"]
[Date "2018.12.29"]
[Round "5"]
[White "Levitskii, Philipp"]
[Black "Aravindan, Midhulan"]
[Result "1/2-1/2"]
[Termination "normal"]
[Board "5.3"]
[WhiteElo "1267"]
[BlackElo "1511"]
[WhiteTeam "SG 1882 Fürth"]
[BlackTeam "DJK Aufwärts St. Josef Aachen"]
[PlyCount "104"]
[WhiteFideId "16275136"]
[BlackFideId "16237250"]
[EventCountry "GER"]
[EventRounds "7"]
[EventType "team-swiss"]
[EventDate "2018.12.26"]

1. d4 d5 2. Bg5 h6 3. Bh4 c6 4. Qd3 Qb6 5. Qc3 Bf5 6. Nf3 Nd7 7. e3 Ngf6 8.
Nbd2 e6 9. a3 Bd6 10. Nb3 Ne4 11. Qa5 Qxa5+ 12. Nxa5 Rb8 13. Bd3 O-O 14. h3 b6
15. Nxc6 Rb7 16. Be7 Bxe7 17. Nxe7+ Kh8 18. Nxf5 exf5 19. g4 fxg4 20. hxg4 f6
21. Bb5 Rc7 22. c3 Ra8 23. Nd2 Nd6 24. Bd3 Re8 25. Bg6 Re7 26. O-O-O a5 27. Rh5
Ne4 28. Nxe4 dxe4 29. Rdh1 Kg8 30. d5 Rc8 31. Bf5 Rd8 32. Kc2 Nc5 33. Rf1 Kf7
34. Bh7 Rh8 35. b4 axb4 36. axb4 Rxh7 37. bxc5 bxc5 38. c4 Rh8 39. Rd1 Rd8 40.
d6 Red7 41. Rxc5 Rxd6 42. Rcd5 Rxd5 43. Rxd5 Rxd5 44. cxd5 Ke7 45. Kc3 Kd6 46.
Kd4 g6 47. Kxe4 h5 48. gxh5 gxh5 49. Kf4 Kxd5 50. e4+ Ke6 51. Kg3 Ke5 52. f3 f5
1/2-1/2